[Event "NOR-chT 1011"]
[Site "Oslo"]
[Date "2011.04.02"]
[Round "8"]
[White "Solbu, Lasse Tveter"]
[Black "Koskela, Niina"]
[Result "0-1"]
[WhiteElo "1941"]
[BlackElo "2191"]
[PlyCount "78"]
[EventDate "2010.11.05"]
[EventType "team-tourn"]
[EventRounds "9"]
[EventCountry "NOR"]
[SourceTitle "EXT 2012"]
[Source "ChessBase"]
[SourceDate "2011.11.24"]
[SourceVersion "1"]
[SourceVersionDate "2011.11.24"]
[SourceQuality "1"]
[WhiteTeam "Trondheim"]
[BlackTeam "SOSS"]
[WhiteTeamCountry "NOR"]
[BlackTeamCountry "NOR"]

1. d4 Nf6 2. Nf3 e6 3. Bf4 c5 4. e3 Be7 5. Bd3 0-0 6. 0-0 b6 7. Qe2 Bb7 8. Nbd2 d6 9. h3 Nd5 10. c3 Nxf4 11. exf4 cxd4 12. Nxd4 Nd7 13. Rfe1 Nc5 14. Bc2 Bf6 15. N2f3 Re8 16. Rad1 a6 17. Qf1 g6 18. Re3 Qc7 19. Qe2 Re7 20. Re1 Rae8 21. Nh2 Nd7 22. Ndf3 Bg7 23. f5 e5 24. Nd2 d5 25. Ndf3 e4 26. Ng5 Ne5 27. fxg6 hxg6 28. h4 Nc4 29. Rg3 Be5 30. Rh3 f6 31. Nxe4 dxe4 32. Ng4 Kg7 33. h5 g5 34. h6+ Kh8 35. Ne3 Nxe3 36. Qxe3 Rd8 37. h7 Bf4 38. Qe2 Rxh7 39. Rxh7+ Qxh7 0-1